00831cam a2200253 a 450000100060000000300080000600500170001400800410003103500190007203500120009104000160010304100080011908200310012710000180015811000160017624500350019226000880022730000180031550001160033350500130044965000300046270000290049271000560052146410BD-RjUL20211209054140.0160802s1981 bg f000 0 eng  a(BD-RjUL)46528 a1431960 aLCbengcLC aeng04a345.095492223 bHUP 1981  aHuq, Zahirul 1 aBangladesh.14aThe Penal Code / cZahirul Huq aDacca :bAsst. Controller-in-Charge, Bangladesh Forms & Publications Office,c1981. aV. ; c26 cm. aAt head of title: Government of the People's Republic of Bangladesh, Ministry of Law and Parliamentary Affairs.0 aVol 1 -- 0aCriminal lawzBangladesh. aGupta, Rana DAs, Assist 1 aBangladesh.bAina o Samsada Bishayaka Mantranalaya.